Twentieth-century American poetry (Record no. 7460)

MARC details
000 -LEADER
fixed length control field 00509cam a2200205ua 4500
001 - CONTROL NUMBER
control field 8354
005 - DATE AND TIME OF LATEST TRANSACTION
control field 20260515114326.0
008 - FIXED-LENGTH DATA ELEMENTS--GENERAL INFORMATION
fixed length control field 150128n ii |||gr||||Z||||||eng
020 ## - INTERNATIONAL STANDARD BOOK NUMBER
International Standard Book Number 9781405131742
040 ## - CATALOGING SOURCE
Transcribing agency MAIN
041 ## - LANGUAGE CODE
Language code of text/sound track or separate title eng
082 ## - DEWEY DECIMAL CLASSIFICATION NUMBER
Classification number 811
100 ## - MAIN ENTRY--PERSONAL NAME
Personal name Macgowan, C.,
Relator term Author.
245 1# - TITLE STATEMENT
Title Twentieth-century American poetry
Statement of responsibility, etc. By Christopher Macgowan
250 ## - EDITION STATEMENT
Edition statement 1st.
260 ## - PUBLICATION, DISTRIBUTION, ETC.
Place of publication, distribution, etc. New Delhi:
Name of publisher, distributor, etc. Atlantic,
Date of publication, distribution, etc. 2004.
300 ## - PHYSICAL DESCRIPTION
Extent xvi,332p.
653 ## - INDEX TERM--UNCONTROLLED
Uncontrolled term American poetry in English
942 ## - ADDED ENTRY ELEMENTS (KOHA)
Koha item type Books
Holdings
Withdrawn status Lost status Damaged status Not for loan Home library Current library Shelving location Date acquired Total checkouts Full call number Barcode Date last seen Copy number Price effective from Koha item type
        Naharkatiya College Library Naharkatiya College Library General stacks 09/19/2020   811 | MAC 20852 09/19/2020 1 09/19/2020 Books
        Naharkatiya College Library Naharkatiya College Library General stacks 09/19/2020   811 | MAC 20853 09/19/2020 2 09/19/2020 Books